000 00369nam a22001457a 4500
008 231011b ||||| |||| 00| 0 eng d
020 _a9951000258
041 _aSHQIP
080 _a34
082 _a34GAS
100 _a32
101 _aJURE
245 _aPOLITIKA NDESHKIMORE NDAJ DELIKTEVE TE GJAKUT NE KOSOVE GJATE PERIUDHES 1980-1989
_cGASHI.R
942 _2udc
_cBK
999 _c60428
_d60428